000 01019nac a22002897a 4500
001 BR7902030
003 BR-BrBNA
005 20240105114414.0
008 230509b bl.|||m| |||| 00| 0 por d
040 _aBR-BrBNA
_bpor
_cBiblioteca Nacional de Agricultura
072 _aE14; E16
090 _aE14 BR7902030
100 1 _aCaliman, O.
110 1 _aSecretaria de Estado do Planejamento, Vitoria, ES (Brasil). Depto. de Informacoes Tecnicas
_98936
245 1 _aIndicadores de desempenho do setor agricola para o estado do Espirito Santo
260 3 _aVitoria, ES (Brasil):
_c1978.
300 _a167 p.
490 _aEstudos Basicos para o Planejamento Estadual - Secretaria de Estado do Planejamento (Brazil)
_vno. 2
_x
500 _aNumerical data; 9 ref.
650 _aDESENVOLVIMENTO AGRICOLA
650 _aCUSTO DE PRODUCAO
650 _aANALISE ECONOMICA
650 _aECONOMIA DA PRODUCAO
650 _aESPIRITO SANTO
909 _a202312
_bLúcia Elande
_c55
_dLúcia Elande
942 _2AGRIS
_n0
_cMS
999 _c269163
_d269163